| 000 | 01158nam a22003977a 4500 | ||
|---|---|---|---|
| 008 | 110310b2002 tu |||gr||||#||||0|tur | | ||
| 040 |
_aTR-BiSEU _btur _cTR-BiSEU _erda |
||
| 001 | 0028257 | ||
| 003 | KOHA_MİRAKIL | ||
| 005 | 20260207002623.0 | ||
| 007 | ta | ||
| 020 | _a9757437816 | ||
| 041 | 0 | _atur | |
| 044 | _ctu | ||
| 050 |
_aHX833 _b.H35 2002 |
||
| 100 | 0 | _aHakim Bey. | |
| 245 | 1 |
_aT.A.Z. : _bgeçici otonom bölgeler/ _cHakim Bey ; Hakim Bey ; çev. Rahmi G. Öğdül. |
|
| 264 | 1 |
_aİstanbul : _bStüdyo İmge _c2002 |
|
| 300 | _a103 s. | ||
| 336 |
_ametin _btxt _2rdacontent |
||
| 337 |
_aaracısız _bn _2rdamedia |
||
| 338 |
_acilt _bnc _2rdacarrier |
||
| 490 | 1 |
_aSiyaset dizisi ; _v2 |
|
| 490 | 1 |
_aStüdyo İmge ; _vyeni seri. |
|
| 490 | 1 | _a14. | |
| 650 | 0 |
_aSapık davranış. _955966 |
|
| 650 | 0 |
_aDeviant behavior. _955967 |
|
| 650 | 0 |
_aDevlete karşı koyma. _955968 |
|
| 650 | 0 |
_aGovernment, Resistance to. _955969 |
|
| 650 | 0 |
_aAnarşizm. _943142 |
|
| 650 | 0 |
_aAnarchism. _943141 |
|
| 830 | 1 |
_aStüdyo İmge ; _vyeni seri. _955970 |
|
| 830 | 1 |
_a14. _96445 |
|
| 830 | 1 |
_aSiyaset dizisi ; _v2 _955971 |
|
| 942 |
_2lcc _cBK |
||
| 999 |
_c28181 _d28181 |
||